HACCP IN MEAT, POULTRY AND FISH PROCESSING (Record no. 216170)

MARC details
000 -LEADER
fixed length control field 00450nam a22001577a 4500
008 - FIXED-LENGTH DATA ELEMENTS--GENERAL INFORMATION
fixed length control field 251112b |||||||| |||| 00| 0 eng d
020 ## - INTERNATIONAL STANDARD BOOK NUMBER
International Standard Book Number 979-8-88715-024-6
100 ## - MAIN ENTRY--PERSONAL NAME
Personal name STINSON MONICA
245 ## - TITLE STATEMENT
Title HACCP IN MEAT, POULTRY AND FISH PROCESSING
260 ## - PUBLICATION, DISTRIBUTION, ETC.
Place of publication, distribution, etc. DUBLIN OH
Name of publisher, distributor, etc. ORYSON PRESS
Date of publication, distribution, etc. 2023
300 ## - PHYSICAL DESCRIPTION
Extent v,304p.
500 ## - GENERAL NOTE
General note includes an index
650 ## - SUBJECT ADDED ENTRY
Topical term or geographic name entry element HAZARD ANALYSIS AND CRITICAL CONTROL POINT
942 ## - ADDED ENTRY ELEMENTS (KOHA)
Source of classification or shelving scheme Library of Congress Classification
Koha item type Long Loan Book
Holdings
Withdrawn status Lost status Source of classification or shelving scheme Damaged status Not for loan Collection Home library Current library Shelving location Date acquired Inventory number Total checkouts Full call number Barcode Date last seen Copy number Price effective from Koha item type
    Library of Congress Classification     Science & Technology Kisii University Library Kisii University Library On Display 11/12/2025 109713   TX 537 .S75 2023 000000024827 11/12/2025 C.1 11/12/2025 Long Loan Book
    Library of Congress Classification     Science & Technology Kisii University Library Kisii University Library On Display 11/12/2025 109714   TX 537 .S75 2023 000000023538 11/12/2025 C.2 11/12/2025 Long Loan Book
    Library of Congress Classification     Science & Technology Kisii University Library Kisii University Library On Display 11/12/2025 109715   TX 537 .S75 2023 000000023539 11/12/2025 C.3 11/12/2025 Long Loan Book
    Library of Congress Classification     Science & Technology Kisii University Library Kisii University Library On Display 11/12/2025 109716   TX 537 .S75 2023 000000023540 11/12/2025 C.4 11/12/2025 Long Loan Book